Back to Mandalay: (Record no. 43456)

000 -LEADER
fixed length control field 00688nam a22002177a 4500
005 - DATE AND TIME OF LATEST TRANSACTION
control field 20250508142539.0
008 - FIXED-LENGTH DATA ELEMENTS--GENERAL INFORMATION
fixed length control field 250508b ||||| |||| 00| 0 eng d
040 ## - CATALOGING SOURCE
Transcribing agency SSBUL
041 ## - LANGUAGE CODE
Language code of text/sound track or separate title English
082 ## - DEWEY DECIMAL CLASSIFICATION NUMBER
Edition number 23
Classification number 959.1151 Ab
Item number 25467 S-RH
100 1# - MAIN ENTRY--PERSONAL NAME
Personal name Abbott, Gerry.
9 (RLIN) 22645
245 10 - TITLE STATEMENT
Title Back to Mandalay:
Remainder of title An Inside View of Burma /
Statement of responsibility, etc. Gerry Abbott.
250 ## - EDITION STATEMENT
Edition statement Second edition.
260 ## - PUBLICATION, DISTRIBUTION, ETC.
Place of publication, distribution, etc. Bangkok:
Name of publisher, distributor, etc. Orchid press,
Date of publication, distribution, etc. 2004.
300 ## - PHYSICAL DESCRIPTION
Extent 192 pages:
Other physical details maps, plates;
Dimensions 22 cm.
500 ## - GENERAL NOTE
General note S-RH: Mr. Ron Halsey Collection
504 ## - BIBLIOGRAPHY, ETC. NOTE
Bibliography, etc. note Includes biblography.
650 ## - SUBJECT ADDED ENTRY--TOPICAL TERM
Topical term or geographic name entry element Myanmar
General subdivision Politics and goverment.
9 (RLIN) 52720
651 ## - SUBJECT ADDED ENTRY--GEOGRAPHIC NAME
Geographic name Myanmar
Form subdivision Mandalay
General subdivision History
9 (RLIN) 59560
942 ## - ADDED ENTRY ELEMENTS (KOHA)
Source of classification or shelving scheme
Koha item type Book (Short term)
Holdings
Withdrawn status Lost status Source of classification or shelving scheme Damaged status Not for loan Collection code Permanent Location Current Location Shelving location Date acquired Total Checkouts Full call number Barcode Date last seen Price effective from Koha item type Accession
          Special Collections Shan State Buddhist University Library Shan State Buddhist University Library Special Collection Shelves 08/05/2025   959.1151 Ab 25467 S-RH EB00025467 08/05/2025 08/05/2025 Book (Short term) 25467 S-RH

Library - 09407999929
Admin Office - 09407999979
Dean Office - 09250910768
Registrar Office - 09892297154
Email - [email protected]
Shan State Buddhist University, Phaya Phyu Taunggyi, Shan State, Myanmar.